International Marketing: A Global Perspective (Record no. 877)

MARC details
005 - DATE AND TIME OF LATEST TRANSACTION
control field 20250320132001.0
020 ## - INTERNATIONAL STANDARD BOOK NUMBER
International Standard Book Number 1-84480-132-2
082 ## - DEWEY DECIMAL CLASSIFICATION NUMBER
Classification number 658.84 MUH
100 ## - MAIN ENTRY--PERSONAL NAME
Author name MUHLBACHER, H.
245 ## - TITLE STATEMENT
Title International Marketing: A Global Perspective
250 ## - EDITION STATEMENT
Edition statement 3rd Ed.
260 ## - PUBLICATION, DISTRIBUTION, ETC.
Place of publication, distribution, etc. Australia,
Name of publisher, distributor, etc. Thomson,
Date of publication, distribution, etc. 2006.
300 ## - PHYSICAL DESCRIPTION
Extent xxviii, 737p.: ill.; figure, table,
Other physical details Index,
Dimensions 28cm.
700 ## - ADDED ENTRY--PERSONAL NAME
Other authors/Editors LEIHS, H. & DAHRINGER, L.
856 ## - ELECTRONIC LOCATION AND ACCESS
Link text Access Online Book
Electronic name International Marketing: A Global Perspective
Path http://www.thomsonlearning.co.uk
942 ## - ADDED ENTRY ELEMENTS (KOHA)
Source of classification or shelving scheme Dewey Decimal Classification
Koha item type Books
Holdings
Date last seen Total checkouts Full call number Barcode Cost, replacement price Price effective from Koha item type Lost status Source of classification or shelving scheme Damaged status Not for loan Withdrawn status Home library Current library Shelving location Date acquired Cost, normal purchase price
03/18/2025   658.84 MUH 0000003351 210000.00 03/18/2025 Books   Dewey Decimal Classification       College of Business Education Main Library College of Business Education Main Library General Collection 03/18/2025 70000.00
03/18/2025   658.84 MUH 0000003352 210000.00 03/18/2025 Books   Dewey Decimal Classification       College of Business Education Main Library College of Business Education Main Library General Collection 03/18/2025 70000.00